000 01180nam a2200277 i 4500
003 CSPC
005 20250210144715.0
008 250207s2006 nyu 000 0 eng d
020 _a9780446567336
040 _cCSPC
_aCSPC
_beng
_erda
050 _aPS3569.P363
_bD43 2006
100 1 _aSparks, Nicholas,
_eauthor.
245 1 0 _aDear John /
_cNicholas Sparks.
264 1 _aNew York :
_bGrand Central Publishing,
_c2006.
300 _a335 pages ;
_c17 cm.
336 _atext
_2rdacontent
337 _aunmediated
_2rdamedia
338 _avolume
_2rdacarrier
520 _aJohn, a high school dropout, enlists in the Army not knowing what else to do with his life. While in the Army he meets Savannah, they fall in love and she awaits his return from the Army. After 9/11 John feels it's his duty to re-enlist. During their long separation Savannah falls in love and marries someone else.
650 4 _aSoldiers
_vFiction.
650 _aLong-distance relationships
_vFiction.
655 _aRomance fiction.
655 _aLove stories.
942 _2ddc
_n0
_cBK
_h813.54
_iSp263d
_kFIC
_m2006
999 _c28783
_d28783